INDIAN JOURNAL OF GENETICS AND PLANT BREEDING (Record no. 7633)

MARC details
000 -LEADER
fixed length control field 00486nam a2200145Ia 4500
022 ## - INTERNATIONAL STANDARD SERIAL NUMBER
ISSN 0019-5200
245 #0 - TITLE STATEMENT
Title INDIAN JOURNAL OF GENETICS AND PLANT BREEDING
260 ## - PUBLICATION, DISTRIBUTION, ETC. (IMPRINT)
Name of publisher Indian Society of Genetics and Plant Breeding, New Delhi, India
Place of publication New Delhi
310 ## - CURRENT PUBLICATION FREQUENCY
Current publication frequency 4/Y
500 ## - GENERAL NOTE
General note Ending Volume & Year: 60, 2000
500 ## - GENERAL NOTE
General note Missing Volume: 31(1-2,4);46(4);47(4);48(4);58(1)
500 ## - GENERAL NOTE
General note Starting Volume & Year: 28, 1968
942 ## - ADDED ENTRY ELEMENTS (KOHA)
Koha item type Bound Journal
Holdings
Withdrawn status Lost status Damaged status Not for loan Home library Current library Date acquired Accession Number Koha item type
      Bound journals RRII Library RRII Library 31/12/2021 07597J Bound Journal